Normal view
MARC view
- حسن ، محمدصطفى الحاج
Entry Personal Name
001 - CONTROL NUMBER
- control field: 31856
003 - CONTROL NUMBER IDENTIFIER
- control field: JO-AjAnu
005 - DATE AND TIME OF LATEST TRANSACTION
- control field: 20230606075347.0
008 - FIXED-LENGTH DATA ELEMENTS
- fixed length control field: 230606|| aca||aabn | a|a d
040 ## - CATALOGING SOURCE
- Original cataloging agency: JO-AjAnu
- Transcribing agency: JO-AjAnu
100 ## - HEADING--PERSONAL NAME
- Personal name: حسن ، محمدصطفى الحاج
670 ## - SOURCE DATA FOUND
- Source citation: Work cat.: (JO-AjAnu)16358: حسن ، محمدصطفى الحاج, author, اساسيات علم الحاسوب والبرمجة بلغة كويل بيسك